Elements of functional programming /

Guardado en:
Autor Principal: Reade, Chris.
Formato: Libro
Idioma:English
Publicado: Wokingham, England : Addison-Wesley, c1989.
Series:International computer science series
Materias:
Etiquetas: Agregar Etiqueta
Sin Etiquetas, Sea el primero en etiquetar este registro!
LEADER 01158cam a2200217 a 4500
001 MAT.inmabb003731
008 890110s1989####enka#####b####001#0#eng##
005 20130409123059.0
245 1 0 |a Elements of functional programming /  |c Chris Reade. 
260 |a Wokingham, England :  |b Addison-Wesley,  |c c1989. 
300 |a xv, 600 p. :  |b il. ;  |c 24 cm. 
440 0 |a International computer science series 
504 |a Bibliografía: p. 501-510. 
505 0 |a 1. Functional programming concepts -- 2. Support for abstraction -- 3. Programming with lists -- 4. Extended examples: pictures and life -- 5. New types (concrete types) -- 6. Extended example: command interpreter -- 7. Abstract data types and modules -- 8. Lazy evaluation -- 9. Eager evaluation -- 10. Denotational semantics -- 11. Type checking and type inference -- 12. The lambda calculus and combinators -- 13. Implementation techniques -- 14. Extending functional methods. 
020 |a 0201129159 
100 1 |a Reade, Chris. 
650 0 |a Functional programming (Computer science) 
084 |a 68N18  |2 msc2000 
010 |a  89000036  
040 |a DLC  |c DLC  |d DLC 
859 |h 68  |i R285  |p A-6859  |b BIB. MATEMATICA